| 000 | 01307cam a2200361 a 4500 | ||
|---|---|---|---|
| 999 |
_c275 _d275 |
||
| 001 | 18709682 | ||
| 003 | OSt | ||
| 005 | 20190805092642.0 | ||
| 008 | 150722s2013 enka 001 0 eng d | ||
| 010 | _a 2014497520 | ||
| 020 | _a9781107697386 (pbk.) | ||
| 020 | _a1107697387 (pbk.) | ||
| 035 | _a(OCoLC)ocn829387555 | ||
| 040 |
_aYDXCP _beng _cYDXCP _dFVL _dSINIE _dBUR _dBDX _dS9I _dOCLCF _dOCLCO _dHEBIS _dOCLCQ _dOCL _dDLC |
||
| 042 | _alccopycat | ||
| 082 | 0 | 4 |
_a428.24 HEW _223 |
| 100 | 1 |
_aHewings, Martin. _eauthor |
|
| 245 | 1 | 0 |
_aAdvanced grammar in use : _ba self-study reference and practice book for advanced learners of English / _cMartin Hewings. |
| 250 | _a3rd ed. | ||
| 260 |
_aCambridge ; _aNew York : _bCambridge University Press, _c2013. |
||
| 300 |
_aix, 294 pages : _bcolor illustrations ; _c27 cm |
||
| 336 |
_atext _btxt _2rdacontent |
||
| 337 |
_aunmediated _bn _2rdamedia |
||
| 338 |
_avolume _bnc _2rdacarrier |
||
| 500 | _aPrevious edition: 2005. | ||
| 500 | _awith answer | ||
| 500 | _aIncludes indexes. | ||
| 650 | 0 |
_aEnglish language _xGrammar _vProblems, exercises, etc. |
|
| 650 | 0 |
_aEnglish language _vTextbooks for foreign speakers. |
|
| 906 |
_a7 _bcbc _ccopycat _d3 _encip _f20 _gy-gencatlg |
||
| 942 |
_2ddc _cNFIC |
||